Comportamiento político y electoral /

Պահպանված է:
Մատենագիտական մանրամասներ
Հիմնական հեղինակ: Anduiza, Eva
Այլ հեղինակներ: Bosch, Agustí
Ձևաչափ: Տեքստ
Հրապարակվել է: Barcelona: Edit. Ariel
Խորագրեր:
Ցուցիչներ: Ավելացրեք ցուցիչ
Չկան պիտակներ, Եղեք առաջինը, ով նշում է այս գրառումը!

MARC

LEADER 00000 a a2200000 04500
001 32901
003
040
020 |a 84-344-1823-1  
090 |a 205502  
100 |a Anduiza, Eva  
245 |a Comportamiento político y electoral /  |c Eva Anduiza 
260 |a Barcelona:   |b Edit. Ariel  
300 |a 282 p.  
650 |a COMPORTAMIENTO POLITICO  
650 |a ELECCIONES  
650 |a TEORIA POLITICA  
650 |a METODOLOGIA  
650 |a ESPAÑA  
650 |a VOTACION  
700 |a Bosch, Agustí  
999 |c 5616  |d 5616